Assessment and Case Formulation in Cognitive Behavioural Therapy (Record no. 6304)
[ view plain ]
| 000 -LEADER | |
|---|---|
| fixed length control field | 01757cam a22002414a 4500 |
| 005 - ΗΜΕΡΟΜΗΝΙΑ ΚΑΙ ΩΡΑ ΤΕΛΕΥΤΑΙΑΣ ΕΝΗΜΕΡΩΣΗΣ | |
| Πεδίο ελέγχου | 20250605164238.0 |
| 008 - FIXED-LENGTH DATA ELEMENTS--GENERAL INFORMATION | |
| Πεδίο ελέγχου σταθερού μήκους | 250528s ||||||||||||||||||||||||d |
| 035 ## - SYSTEM CONTROL NUMBER | |
| System control number | 21237 |
| 020 ## - ISBN | |
| ISBN | 9781412935074 |
| 040 ## - ΠΗΓΗ ΚΑΤΑΛΟΓΟΓΡΑΦΗΣΗΣ | |
| Φορέας πρωτότυπης καταλογογράφησης | MC Athens Campus Library |
| Γλώσσα καταλογογράφησης | Ελληνικά, Μοντέρνα (1453-) |
| Modifying agency | MC Athens Campus Library |
| Κανόνες περιγραφικής καταλογογράφησης | AACR2 |
| 245 1# - ΤΙΤΛΟΣ ΚΑΙ ΔΗΛΩΣΗ ΥΠΕΥΘΥΝΟΤΗΤΑΣ | |
| Τίτλος | Assessment and Case Formulation in Cognitive Behavioural Therapy |
| 250 ## - EDITION STATEMENT | |
| Edition statement | 1st |
| 260 ## - PUBLICATION, DISTRIBUTION, ETC. | |
| Name of publisher, distributor, etc. | Sage, |
| Date of publication, distribution, etc. | 2008 |
| 300 ## - PHYSICAL DESCRIPTION | |
| Extent | 246 |
| 520 ## - SUMMARY, ETC. | |
| Summary, etc. | An important contribution to the development of cognitive therapy that synthesizes the best of traditional cognitive therapy with important new developments emerging from a range of different areas. Acknowledgements, Foreword, Introduction, Cognitive Behavioral Assessment and Case Formulation, Assessment in CBT: The Ideographic Approach, Process and Related Issues in Cognitive Behavioral Assessment, The Fundamentals of Case Formulation, Key Issues in Cognitive Behavioral Case Formulation, The Transdiagnostic Turn and Models of Assessment and Case Formulation in Action, Case Studies, Ian: A Case Study of Obsessional Compulsive Disorder, Alice: A Case Study of Helping a Client Suffering from Borderline Personality Disorder, An Organizationally Focused Case Study of PTSD, Case Formulation: Cognitive Behavioral Family Therapy, Broadening the Cognitive Behavioral Formulation for Low Self-Esteem: Helping ''Claire'' with her damaged and Broken Self, A Cognitive Behavioral Case Formulation for Distressing Psychosis, Health Anxiety: A Case Study, A Case Study and Formulation of Chronic Depression in a Client with High Self-Criticism, Index. |
| 700 1# - ΠΡΟΣΘΕΤΗ ΑΝΑΓΡΑΦΗ--ΦΥΣΙΚΟ ΠΡΟΣΩΠΟ | |
| Personal name | Cockx Adrian |
| 9 (RLIN) | 7262 |
| 700 1# - ΠΡΟΣΘΕΤΗ ΑΝΑΓΡΑΦΗ--ΦΥΣΙΚΟ ΠΡΟΣΩΠΟ | |
| Personal name | Grant Alec |
| 9 (RLIN) | 3794 |
| 700 1# - ΠΡΟΣΘΕΤΗ ΑΝΑΓΡΑΦΗ--ΦΥΣΙΚΟ ΠΡΟΣΩΠΟ | |
| Personal name | Mills Jem |
| 9 (RLIN) | 7263 |
| 700 1# - ΠΡΟΣΘΕΤΗ ΑΝΑΓΡΑΦΗ--ΦΥΣΙΚΟ ΠΡΟΣΩΠΟ | |
| Personal name | Townend Michael |
| 9 (RLIN) | 7264 |
| 942 ## - ADDED ENTRY ELEMENTS (KOHA) | |
| Koha item type | Books |
| Τύπος τεκμηρίου | Βιβλιοθήκη | Τρέχουσα τοποθεσία | Barcode | Αριθμός εισαγωγής | Ημερομηνία απόκτησης | Ταξιθετικό σύμβολο | Αριθμός αντιτύπου | Κατάσταση απόσυρσης | Κατάσταση χαμένου | Κατάσταση κατεστραμμένου | Μη δανεισμός | Σύνολο δανεισμών | Ημερομηνία τελευταίας εμφάνισης | Η τιμή ισχύει από |
|---|---|---|---|---|---|---|---|---|---|---|---|---|---|---|
| Books | MC Athens Campus Library | MC Athens Campus Library | 9780000063038 | 5168 | 05/06/2025 | 616.89142 GRA | 1 | 05/06/2025 | 05/06/2025 |